<?xml version="1.0" encoding="UTF-8"?>
<record
    xmlns:xsi="http://www.w3.org/2001/XMLSchema-instance"
    xsi:schemaLocation="http://www.loc.gov/MARC21/slim http://www.loc.gov/standards/marcxml/schema/MARC21slim.xsd"
    xmlns="http://www.loc.gov/MARC21/slim">

  <leader>00942cam6a220026500 4500</leader>
  <controlfield tag="001">tmp15699792</controlfield>
  <controlfield tag="003">UPRA</controlfield>
  <controlfield tag="005">20190823082720.0</controlfield>
  <controlfield tag="008">951006s1974    enk                 eng u</controlfield>
  <datafield tag="035" ind1=" " ind2=" ">
    <subfield code="a">(Sirsi) r96678</subfield>
  </datafield>
  <datafield tag="035" ind1=" " ind2=" ">
    <subfield code="a">(UPRA)tmp15699792</subfield>
  </datafield>
  <datafield tag="040" ind1=" " ind2=" ">
    <subfield code="c">UPRA</subfield>
  </datafield>
  <datafield tag="245" ind1="0" ind2="0">
    <subfield code="a">Guinness book of records /</subfield>
    <subfield code="c">editors and compilers: Norris and Ross McWhirter.</subfield>
  </datafield>
  <datafield tag="246" ind1="3" ind2="0">
    <subfield code="a">Guinness book of superlatives</subfield>
  </datafield>
  <datafield tag="250" ind1=" " ind2=" ">
    <subfield code="a">[21st ed.].</subfield>
  </datafield>
  <datafield tag="260" ind1=" " ind2=" ">
    <subfield code="a">[Enfield :</subfield>
    <subfield code="b">Guinness Superlatives,</subfield>
    <subfield code="c">1974]</subfield>
  </datafield>
  <datafield tag="500" ind1=" " ind2=" ">
    <subfield code="a">1st ed. published 1955.</subfield>
  </datafield>
  <datafield tag="500" ind1=" " ind2=" ">
    <subfield code="a">Title varies: The Guinness book of superlatives</subfield>
  </datafield>
  <datafield tag="650" ind1=" " ind2="0">
    <subfield code="a">Curiosities and wonders.</subfield>
    <subfield code="6">S16245.1</subfield>
  </datafield>
  <datafield tag="700" ind1="1" ind2=" ">
    <subfield code="a">McWhirter, Norris, 1925-</subfield>
    <subfield code="d">McWhirter, Norris, 1925-</subfield>
    <subfield code="6">A23026.1</subfield>
  </datafield>
  <datafield tag="700" ind1="1" ind2=" ">
    <subfield code="a">McWhirter, Ross, 1925-1975.</subfield>
    <subfield code="d">McWhirter, Ross, 1925-1975.</subfield>
    <subfield code="6">A23028.1</subfield>
  </datafield>
  <datafield tag="949" ind1=" " ind2=" ">
    <subfield code="a">AG243</subfield>
    <subfield code="w">lcc</subfield>
    <subfield code="m">MAIN</subfield>
    <subfield code="t">BOOK</subfield>
    <subfield code="l">ON-SHELF</subfield>
  </datafield>
  <controlfield tag="004">96678</controlfield>
  <datafield tag="987" ind1=" " ind2=" ">
    <subfield code="a">Holdings : use? </subfield>
    <subfield code="b">only copy on card marked missing.</subfield>
  </datafield>
  <datafield tag="999" ind1=" " ind2=" ">
    <subfield code="c">138575</subfield>
    <subfield code="d">138576</subfield>
  </datafield>
</record>
